LIBRARY & INFORMATION CENTRE, KCAET, TAVANUR

ONLINE PUBLIC ACCESS CATALOGUE (OPAC)

എൻമകജെ | Enmakaje (Record no. 17663)

MARC details
000 -LEADER
fixed length control field 00972nam a22001697a 4500
003 - CONTROL NUMBER IDENTIFIER
control field OSt
008 - FIXED-LENGTH DATA ELEMENTS--GENERAL INFORMATION
fixed length control field 230506b |||||||| |||| 00| 0 eng d
041 ## - LANGUAGE CODE
Language code of text/sound track or separate title MAL
082 ## - DEWEY DECIMAL CLASSIFICATION NUMBER
Classification number 894.812 3
Item number AMB/EN
100 ## - MAIN ENTRY--AUTHOR NAME
Personal name അംബികാസുതൻ മാങ്ങാട്‌
-- Ambikasuthan mangad
245 ## - TITLE STATEMENT
Title എൻമകജെ
Remainder of title Enmakaje
250 ## - EDITION STATEMENT
Edition statement 24
260 ## - PUBLICATION, DISTRIBUTION, ETC. (IMPRINT)
Place of publication Kottayam
Name of publisher DCBOOKS
Year of publication 2022
300 ## - PHYSICAL DESCRIPTION
Number of Pages 200
520 ## - SUMMARY, ETC.
Summary, etc ജനകീയാരോഗ്യ-രാഷ്ട്രീയപ്രസ്ഥാനങ്ങളുടെ ഇടപെടലുകളിലൂ ടെയും എന്‍ഡോസള്‍ഫാന്‍ വിഷവര്‍ഷം നിര്‍ത്തിയെ ന്നിലും ഇനിയും ഉണ്ടാകാത്ത നമ്മുടെ പാരിസ്ഥി തിക ജാഗ്രതയ്ക്കുവേണ്ടിയുള്ള ഒരു നിലവിളിയാണ് ഈ കൃതി.<br/>
942 ## - ADDED ENTRY ELEMENTS (KOHA)
Koha item type Books
Holdings
Withdrawn status Lost status Damaged status Collection code Home library Current library Shelving location Date acquired Cost, normal purchase price Full call number Accession Number Koha item type
      Fiction KAUAET KAUAET Fiction 06/05/2023 240.00 894.812 3 AMB/EN 26219 Books
free website counter